<?xml version="1.0" encoding="UTF-8"?>
<record
    xmlns:xsi="http://www.w3.org/2001/XMLSchema-instance"
    xsi:schemaLocation="http://www.loc.gov/MARC21/slim http://www.loc.gov/standards/marcxml/schema/MARC21slim.xsd"
    xmlns="http://www.loc.gov/MARC21/slim">

  <leader>03503cam a22002775a 4500</leader>
  <controlfield tag="001">18128384</controlfield>
  <controlfield tag="005">20150922133908.0</controlfield>
  <controlfield tag="008">140425s2014    nyua   fr     001 0 eng d</controlfield>
  <datafield tag="020" ind1=" " ind2=" ">
    <subfield code="a">9780071807913 (paperback)</subfield>
  </datafield>
  <datafield tag="020" ind1=" " ind2=" ">
    <subfield code="a">0071807918</subfield>
  </datafield>
  <datafield tag="040" ind1=" " ind2=" ">
    <subfield code="a">DLC</subfield>
    <subfield code="b">eng</subfield>
    <subfield code="c">DLC</subfield>
    <subfield code="d">EG-ScBUE</subfield>
  </datafield>
  <datafield tag="050" ind1="0" ind2="0">
    <subfield code="a">HV8079.C65</subfield>
    <subfield code="b">W52 2014</subfield>
  </datafield>
  <datafield tag="082" ind1="0" ind2="4">
    <subfield code="a">363.25968028553</subfield>
    <subfield code="2">22</subfield>
    <subfield code="b">WID</subfield>
  </datafield>
  <datafield tag="100" ind1="1" ind2=" ">
    <subfield code="a">Widup, Suzanne.</subfield>
    <subfield code="9">38437</subfield>
  </datafield>
  <datafield tag="245" ind1="1" ind2="0">
    <subfield code="a">Computer forensics and digital investigation with Encase Forensic v7 /</subfield>
    <subfield code="c">Suzanne Widup.</subfield>
  </datafield>
  <datafield tag="260" ind1=" " ind2=" ">
    <subfield code="a">New York :</subfield>
    <subfield code="b">MCGraw-Hill Education Books,</subfield>
    <subfield code="c">c.2014.</subfield>
  </datafield>
  <datafield tag="300" ind1=" " ind2=" ">
    <subfield code="a">xx, 426 p. :</subfield>
    <subfield code="b">ill. ;</subfield>
    <subfield code="c">24 cm.</subfield>
  </datafield>
  <datafield tag="500" ind1=" " ind2=" ">
    <subfield code="a">Index : p. 415-426.</subfield>
  </datafield>
  <datafield tag="520" ind1=" " ind2=" ">
    <subfield code="a">"This practical, professional book provides a scenario-based guide to the industry's #1 digital forensics tool, EnCase Forensic  Computer Forensics and Digital Investigation with EnCase Forensic shows how to uncover digital evidence in a fast, cost-effective, organized, and repeatable manner using the industry's leading digital investigation software. Part I addresses forensic readiness, setting up the software, and the basic interface. Part II lays out the case study used and how to navigate it step-by-step using the software. Part III details how to find clues and go deeper into investigations (finding hidden and deleted data). Part IV walks you through how to analyze the data, refine, and manipulate the results. Part V discusses the options for automating frequent tasks using EnCase Portable and the EnScript programming language.  Sharpens the competitive edge of forensics practitioners through practice with the industry's #1 tool, EnCase Forensic Provides invaluable professional advice on the best working methods of digital forensic specialists An affordable learning option for this widely used tool Walks you through all the latest features to this first major software update in six years--EnCase Forensic v7 performs mobile device forensics (iPad, iPhone, Android, Blackberry, etc.), includes a completely revamped user interface, and streamlined organization of file, data, and report functions Commonly accessible evidence file toolkit allows you to put the book's case examples to the test  "--</subfield>
  </datafield>
  <datafield tag="520" ind1=" " ind2=" ">
    <subfield code="a">"Maximize the powerful tools and features of the industry-leading digital investigation software. Computer Forensics and Digital Investigation with EnCase Forensic reveals, step by step, how to detect illicit activity, capture and verify evidence, recover deleted and encrypted artifacts, prepare court-ready documents, and ensure legal and regulatory compliance. The book illustrates each concept using downloadable evidence from the National Institute of Standards and Technology CFReDS. Customizable sample procedures are included throughout this practical guide.- Install EnCase Forensic v7 and customize the user interface - Prepare your investigation and set up a new case - Collect and verify evidence from suspect computers and networks - Use the EnCase Evidence Processor and Case Analyzer - Uncover clues using keyword searches and filter results through GREP - Work with bookmarks, timelines, hash sets, and libraries - Handle case closure, final disposition, and evidence destruction - Carry out field investigations using EnCase Portable - Learn to program in EnCase EnScript</subfield>
  </datafield>
  <datafield tag="650" ind1=" " ind2="0">
    <subfield code="a">Computer crimes</subfield>
    <subfield code="x">Investigation.</subfield>
    <subfield code="2">BUEsh</subfield>
    <subfield code="9">11331</subfield>
  </datafield>
  <datafield tag="650" ind1=" " ind2="0">
    <subfield code="a">Computer crimes</subfield>
    <subfield code="x">Investigation</subfield>
    <subfield code="x">Computer programs.</subfield>
    <subfield code="2">BUEsh</subfield>
  </datafield>
  <datafield tag="651" ind1=" " ind2=" ">
    <subfield code="2">BUEsh</subfield>
  </datafield>
  <datafield tag="653" ind1=" " ind2=" ">
    <subfield code="b">COMSCI</subfield>
    <subfield code="c">July2015</subfield>
    <subfield code="c">September2015</subfield>
  </datafield>
  <datafield tag="942" ind1=" " ind2=" ">
    <subfield code="2">ddc</subfield>
  </datafield>
  <datafield tag="999" ind1=" " ind2=" ">
    <subfield code="c">20388</subfield>
    <subfield code="d">20360</subfield>
  </datafield>
  <datafield tag="952" ind1=" " ind2=" ">
    <subfield code="0">0</subfield>
    <subfield code="1">0</subfield>
    <subfield code="2">ddc</subfield>
    <subfield code="4">0</subfield>
    <subfield code="7">0</subfield>
    <subfield code="8">Baccah</subfield>
    <subfield code="a">MAIN</subfield>
    <subfield code="b">MAIN</subfield>
    <subfield code="c">1ST</subfield>
    <subfield code="d">2015-07-30</subfield>
    <subfield code="e">Purchase</subfield>
    <subfield code="g">400.00</subfield>
    <subfield code="h">21759</subfield>
    <subfield code="l">0</subfield>
    <subfield code="o">363.25968028553 WID</subfield>
    <subfield code="p">000038975</subfield>
    <subfield code="r">2025-07-15 00:00:00</subfield>
    <subfield code="y">BB</subfield>
  </datafield>
</record>
